Poppleton has fun / (Record no. 411202)
[ view plain ]
| 000 -LEADER | |
|---|---|
| fixed length control field | 02310pam a2200565 i 4500 |
| 001 - CONTROL NUMBER | |
| control field | 2024016262 |
| 003 - CONTROL NUMBER IDENTIFIER | |
| control field | DLC |
| 005 - DATE AND TIME OF LATEST TRANSACTION | |
| control field | 20250827152139.0 |
| 008 - FIXED-LENGTH DATA ELEMENTS--GENERAL INFORMATION | |
| fixed length control field | 240410r20252000nyua b 000 1 eng |
| 010 ## - LIBRARY OF CONGRESS CONTROL NUMBER | |
| LC control number | 2024016262 |
| 020 ## - INTERNATIONAL STANDARD BOOK NUMBER | |
| International Standard Book Number | 9781546130109 |
| Qualifying information | (library binding) |
| 020 ## - INTERNATIONAL STANDARD BOOK NUMBER | |
| International Standard Book Number | 9781546130093 |
| Qualifying information | (paperback) |
| 020 ## - INTERNATIONAL STANDARD BOOK NUMBER | |
| Cancelled/invalid ISBN | 9781546130116 |
| Qualifying information | (ebook) |
| 035 ## - SYSTEM CONTROL NUMBER | |
| System control number | (OCoLC)1429575134 |
| 040 ## - CATALOGING SOURCE | |
| Original cataloging agency | NJQ/DLC |
| Language of cataloging | eng |
| Description conventions | rda |
| Transcribing agency | DLC |
| Modifying agency | TnLvILS |
| 042 ## - AUTHENTICATION CODE | |
| Authentication code | pcc |
| -- | cyac |
| 092 ## - LOCALLY ASSIGNED DEWEY CALL NUMBER (OCLC) | |
| Classification number | children leveled |
| Item number | Rylant |
| 100 1# - MAIN ENTRY--PERSONAL NAME | |
| Personal name | Rylant, Cynthia, |
| Relator term | author. |
| 245 10 - TITLE STATEMENT | |
| Title | Poppleton has fun / |
| Statement of responsibility, etc | written by Newberry Medalist Cynthia Rylant ; illustrated by Mark Teague. |
| 250 ## - EDITION STATEMENT | |
| Edition statement | [New edition] |
| 264 #1 - Production, Publication, Distribution, Manufacture, and Copyright Notice. | |
| Place of production, publication, distribution, manufacture | New York, NY : |
| Name of producer, publisher, distributor, manufacturer | Acorn/Scholastic Inc., |
| Date of production, publication, distribution, manufacture, or copyr | [2025] |
| 300 ## - PHYSICAL DESCRIPTION | |
| Extent | 52 pages : |
| Other physical details | color illustrations ; |
| Dimensions | 19 cm. |
| 336 ## - Content Type | |
| Content type term | text |
| 336 ## - Content Type | |
| Content type term | still image |
| 337 ## - Media type | |
| Media type term | unmediated |
| 338 ## - Carrier type | |
| Carrier type term | volume |
| 490 1# - SERIES STATEMENT | |
| Series statement | Acorn. |
| 490 1# - SERIES STATEMENT | |
| Series statement | Poppleton ; |
| Volume number/sequential designation | [book 7] |
| 500 ## - GENERAL NOTE | |
| General note | Originally published: New York : Blue Sky Press, ©2000. |
| 520 ## - SUMMARY, ETC. | |
| Summary, etc | When Poppleton goes to the movies alone, he discovers that it is not as much fun as when he is with friends, whether at a movie, making a quilt, or sharing a treat. |
| 521 ## - TARGET AUDIENCE NOTE | |
| Target audience note | Ages 5-7. |
| Source | Scholastic, Inc. |
| 521 ## - TARGET AUDIENCE NOTE | |
| Target audience note | Grades K-1. |
| Source | Scholastic, Inc. |
| 650 #0 - SUBJECT ADDED ENTRY--TOPICAL TERM | |
| Topical term or geographic name as entry element | Poppleton (Fictitious character) |
| Form subdivision | Juvenile fiction. |
| 9 (RLIN) | 6399344 |
| 650 #0 - SUBJECT ADDED ENTRY--TOPICAL TERM | |
| Topical term or geographic name as entry element | Swine |
| Form subdivision | Juvenile fiction. |
| 9 (RLIN) | 5675899 |
| 650 #0 - SUBJECT ADDED ENTRY--TOPICAL TERM | |
| Topical term or geographic name as entry element | Animals |
| Form subdivision | Juvenile fiction. |
| 9 (RLIN) | 5678723 |
| 650 #0 - SUBJECT ADDED ENTRY--TOPICAL TERM | |
| Topical term or geographic name as entry element | Best friends |
| Form subdivision | Juvenile fiction. |
| 9 (RLIN) | 5673646 |
| 650 #0 - SUBJECT ADDED ENTRY--TOPICAL TERM | |
| Topical term or geographic name as entry element | Quilts |
| Form subdivision | Juvenile fiction. |
| 9 (RLIN) | 6492105 |
| 650 #1 - SUBJECT ADDED ENTRY--TOPICAL TERM | |
| Topical term or geographic name as entry element | Poppleton (Fictitious character) |
| Form subdivision | Fiction. |
| 9 (RLIN) | 6551505 |
| 650 #1 - SUBJECT ADDED ENTRY--TOPICAL TERM | |
| Topical term or geographic name as entry element | Pigs |
| Form subdivision | Fiction. |
| 9 (RLIN) | 5684927 |
| 650 #1 - SUBJECT ADDED ENTRY--TOPICAL TERM | |
| Topical term or geographic name as entry element | Animals |
| Form subdivision | Fiction. |
| 9 (RLIN) | 5678722 |
| 650 #1 - SUBJECT ADDED ENTRY--TOPICAL TERM | |
| Topical term or geographic name as entry element | Best friends |
| Form subdivision | Fiction. |
| 9 (RLIN) | 5675106 |
| 650 #1 - SUBJECT ADDED ENTRY--TOPICAL TERM | |
| Topical term or geographic name as entry element | Friendship |
| Form subdivision | Fiction. |
| 9 (RLIN) | 5673769 |
| 650 #1 - SUBJECT ADDED ENTRY--TOPICAL TERM | |
| Topical term or geographic name as entry element | Quilts |
| Form subdivision | Fiction. |
| 9 (RLIN) | 5687436 |
| 655 #7 - INDEX TERM--GENRE/FORM | |
| Genre/form data or focus term | Picture books. |
| Source of term | lcgft. |
| 700 1# - ADDED ENTRY--PERSONAL NAME | |
| Personal name | Teague, Mark, |
| Relator term | illustrator. |
| 9 (RLIN) | 29884 |
| 776 08 - ADDITIONAL PHYSICAL FORM ENTRY | |
| Display text | Online version: |
| Main entry heading | Rylant, Cynthia. |
| Title | Poppleton has fun |
| Place, publisher, and date of publication | New York : Acorn/Scholastic, Inc., 2025 |
| International Standard Book Number | 9781546130116 |
| Record control number | (DLC) 2024016263. |
| 800 1# - SERIES ADDED ENTRY--PERSONAL NAME | |
| Personal name | Rylant, Cynthia. |
| Title of a work | Poppleton ; |
| Volume/sequential designation | bk. 7. |
| 9 (RLIN) | 5854880 |
| 830 #0 - SERIES ADDED ENTRY--UNIFORM TITLE | |
| Uniform title | Acorn (Scholastic Inc.) |
| 9 (RLIN) | 6384906 |
| 942 ## - ADDED ENTRY ELEMENTS (KOHA) | |
| Source of classification or shelving scheme | Dewey Decimal Classification |
| Koha item type | BOOK |
| Withdrawn status | Lost status | Source of classification or shelving scheme | Damaged status | Not for loan | Collection code | Home library | Current library | Shelving location | Date acquired | Source of acquisition | Serial Enumeration / chronology | Total Checkouts | Total Renewals | Full call number | Barcode | Checked out | Date last seen | Date checked out | Cost, replacement price | Price effective from | Koha item type |
|---|---|---|---|---|---|---|---|---|---|---|---|---|---|---|---|---|---|---|---|---|---|
| Dewey Decimal Classification | Children Leveled | Wasatch County Library | Wasatch County Library | Main Floor Childrens Area | 08/27/2025 | Penworthy | #7 Poppleton | 4 | 6 | E Rylant | 34301002165845 | 04/28/2026 | 03/02/2026 | 03/02/2026 | 19.96 | 08/27/2025 | BOOK |
